000 00413nam a2200169Ia 4500
001 4300
003 IN-NITTTR
005 20251114232958.0
008 251113s9999||||xx |||||||||||||| ||eng||
040 _beng
040 _cIN-NITTTR
041 _aeng
082 _a621.381331 J761E
100 _aJordan, Edward C.
245 0 _aElectromagnetic waves and radiating systems /
_cJordan, Edward C.
942 _2ddc
_cBK
999 _c6936
_d6936